The Handmaid's Tale Cast by Picture - Statistics

General Stats
  • This quiz has been taken 35 times
  • The average score is 8 of 10
Answer Stats
Picture Hint Answer % Correct
Elisabeth Moss June Osbourne
93%
Yvonne Strahovski Serena Joy Waterford
93%
Max Minghella Nick Blaine
90%
Joseph Fiennes Fred Waterford
83%
Ann Dowd Aunt Lydia Clements
79%
Samira Wiley Moira Strand
79%
O-T Fagbenle Luke Bankole
76%
Madeline Brewer Janine Lindo
69%
Amanda Brugel Rita Blue
59%
Bradley Whitford Joseph Lawrence
52%
No matching quizzes found
Score Distribution
Percent of People with Each Score
Percentile by Number Answered
Your Score History
You have not taken this quiz